000 01004nam a22003017a 4500
001 BR9902465
003 BR-BrBNA
005 20230928100258.0
007 ta
008 230509b bl.||||| |||| 00| 0 por d
040 _aBR-BrBNA
_bpor
_cBiblioteca Nacional de Agricultura
041 _a(Por)
072 _aL10
_b8510
090 _ 8510 BR9902465
100 1 _aZucoloto, R.B.
110 1 _aCentro de Energia Nuclear na Agricultura, Piracicaba, SP (Brasil)
_0Tese (Mestre em Ciencias)
245 1 _aAvaliacao da diversidade genetica e tese de maternidade em Jacare-de-Papo-Amarelo (Caiman latirostris), atraves do uso de sequencia de DNA microssatelite
260 3 _aPiracicaba, SP (Brasil):
_c1998.
300 _a78 p.
500 _aSummaries (Eng, Por); Bibliography p. 56-64; 7 tables; 11 illus.
650 _aJacare
650 _aSelecao Genetica
650 _aDNA
650 _aBiotecnologia
650 _aMarcador Molecular
909 _a202309
_bLucia
_c55
_dLucia Elande
942 _cBK
999 _c60801
_d60801